Effect of organic fertilizers on growth and yield of eggplant at crop station in royal university of agriculture ឥទ្ធិពលជីសរីរាង្កទៅលើការលូតលាស់ និងទិន្នន័យដំណាំត្របវែង នៅស្ថានីយ៏ដំណាំ នៃសាកលវិទ្យាល័យភូមិន្ទកសិកម្ម (Record no. 966)

000 -LEADER
fixed length control field 00766nam a22001577a 4500
003 - CONTROL NUMBER IDENTIFIER
control field OSt
005 - DATE AND TIME OF LATEST TRANSACTION
control field 20150921133539.0
008 - FIXED-LENGTH DATA ELEMENTS--GENERAL INFORMATION
fixed length control field 150921b xxu||||| |||| 00| 0 eng d
040 ## - CATALOGING SOURCE
Transcribing agency RUA
082 ## - DEWEY DECIMAL CLASSIFICATION NUMBER
Classification number AGR PHU 2006 B034 Or.1
100 ## - MAIN ENTRY--PERSONAL NAME
9 (RLIN) 1008
Personal name PHUM, DARA.
245 ## - TITLE STATEMENT
Title Effect of organic fertilizers on growth and yield of eggplant at crop station in royal university of agriculture ឥទ្ធិពលជីសរីរាង្កទៅលើការលូតលាស់ និងទិន្នន័យដំណាំត្របវែង នៅស្ថានីយ៏ដំណាំ នៃសាកលវិទ្យាល័យភូមិន្ទកសិកម្ម
260 ## - PUBLICATION, DISTRIBUTION, ETC. (IMPRINT)
Place of publication, distribution, etc. Phnom Penh
Name of publisher, distributor, etc. RUA
Date of publication, distribution, etc. 2006
300 ## - PHYSICAL DESCRIPTION
Extent 50p.
Other physical details ill.
Dimensions 29cm.
942 ## - ADDED ENTRY ELEMENTS (KOHA)
Source of classification or shelving scheme
Koha item type AGR
Holdings
Price effective from Date last seen Permanent Location Not for loan Date acquired Date last checked out Source of classification or shelving scheme Koha item type Total Checkouts Barcode Lost status Damaged status Withdrawn status Current Location Full call number
2015-09-212024-12-16Library Block B 2015-09-212024-12-04 AGR6RUA002919   Library Block BAGR PHU 2006 B034 Or.1
មជ្ឈមណ្ឌលឯការនៃសាកលវិទ្យាល័យភូមិន្ទកសិកម្មចំការដូង

Powered by Koha